000 00712nam a22002292 4500
001 0000003776
005 20151217151933.0
008 070515s xx 000 0 eng d
020 _a8120317491 :
_cKES 765
040 _aKABU
_cKABU
050 0 _aQC451
_b.A78
100 1 _aAruldhas, G.
_@0000153916
245 1 0 _aMolecular structure and spectroscopy /
_cG. Aruldhas, G.
260 _aNew Delhi :
_bPrentice-Hall of India,
_cc2001.
300 _axiv, 408 p. ;
_c24 cm.
650 0 _aSpectrum analysis.
_@0000153917
650 0 _aMolecular structure.
_@0000153918
908 _a070515
950 _@1
999 _c6516
_d6516